000 00640nam a2200265Ia 4500
005 20260306163438.0
008 008 260114s9999 xx 000 0 eng d
020 _a9781447343301
037 _aEBOOK
040 _aCRL
040 _beng
040 _cCRL
041 _2eng
041 _aeng
084 _qCRL
100 _aMayo
245 0 _aCommunity-based Learning And Social Movements: Popular Education In A Populist Age
260 _bThe Policy Press
260 _c2021
650 _aEducation
856 _uhttps://academic.oup.com/book/38046
942 _cEBOOK
999 _c1710131
_d1710131